[Event "Ekstraliga 2019"]
[Site "Katowice"]
[Date "2019.09.02"]
[Round "6.19"]
[White "Mista, Aleksander"]
[Black "Harikrishna, Pentala"]
[Result "0-1"]
[BlackElo "2738"]
[WhiteElo "2599"]
[WhiteTeam "Wieza Pegow"]
[BlackTeam "VOTUM SA Polonia Wroclaw"]
[LiveChessVersion "1.4.8"]

1. e4 {[%clk 1:30:57]} e5 {[%clk 1:30:53]} 2. Nf3 {[%clk 1:31:24]} Nc6
{[%clk 1:31:17]} 3. Bb5 {[%clk 1:31:50]} a6 {[%clk 1:31:39]} 4. Ba4
{[%clk 1:32:16]} Nf6 {[%clk 1:32:01]} 5. O-O {[%clk 1:32:42]} Be7
{[%clk 1:32:23]} 6. Re1 {[%clk 1:33:07]} b5 {[%clk 1:32:46]} 7. Bb3
{[%clk 1:33:34]} O-O {[%clk 1:33:05]} 8. c3 {[%clk 1:33:38]} d5 {[%clk 1:33:06]}
9. exd5 {[%clk 1:34:01]} Nxd5 {[%clk 1:33:31]} 10. Nxe5 {[%clk 1:34:24]} Nxe5
{[%clk 1:33:54]} 11. Rxe5 {[%clk 1:34:50]} c6 {[%clk 1:34:07]} 12. d3
{[%clk 1:35:07]} Bd6 {[%clk 1:34:09]} 13. Re1 {[%clk 1:35:32]} Bf5
{[%clk 1:33:57]} 14. Bxd5 {[%clk 1:33:49]} cxd5 {[%clk 1:33:59]} 15. Be3
{[%clk 1:34:16]} Re8 {[%clk 1:24:55]} 16. Nd2 {[%clk 1:20:35]} Bxd3
{[%clk 1:24:15]} 17. Nb3 {[%clk 1:20:51]} Bg6 {[%clk 1:21:30]} 18. Bc5
{[%clk 1:16:46]} Bc7 {[%clk 1:08:32]} 19. Qd2 {[%clk 1:01:02]} Qd7
{[%clk 1:06:13]} 20. Rxe8+ {[%clk 0:58:53]} Rxe8 {[%clk 1:06:30]} 21. Re1
{[%clk 0:58:56]} h6 {[%clk 1:01:31]} 22. Nd4 {[%clk 0:47:56]} Re4
{[%clk 0:55:32]} 23. g3 {[%clk 0:24:14]} Qe8 {[%clk 0:49:08]} 24. Nc2
{[%clk 0:22:06]} Rxe1+ {[%clk 0:43:24]} 25. Nxe1 {[%clk 0:20:42]} Qe4
{[%clk 0:42:52]} 26. a3 {[%clk 0:19:32]} Kh7 {[%clk 0:36:43]} 27. f3
{[%clk 0:18:09]} Qb1 {[%clk 0:29:24]} 28. Kg2 {[%clk 0:17:35]} Bd8
{[%clk 0:28:13]} 29. h4 {[%clk 0:16:00]} a5 {[%clk 0:27:43]} 30. Kh2
{[%clk 0:15:15]} Bc7 {[%clk 0:25:51]} 31. Kg2 {[%clk 0:12:21]} Qf5
{[%clk 0:22:28]} 32. Bf2 {[%clk 0:12:19]} h5 {[%clk 0:21:19]} 33. Qe2
{[%clk 0:12:00]} Qd7 {[%clk 0:20:55]} 34. Qe3 {[%clk 0:08:08]} Bd6
{[%clk 0:16:58]} 35. Nd3 {[%clk 0:06:55]} Qf5 {[%clk 0:15:38]} 36. Nc5
{[%clk 0:03:45]} Bxc5 {[%clk 0:14:06]} 37. Qxc5 {[%clk 0:04:12]} Qb1
{[%clk 0:10:02]} 38. b4 {[%clk 0:02:02]} Bd3 {[%clk 0:09:03]} 39. Qe3
{[%clk 0:00:40]} axb4 {[%clk 0:03:44]} 40. axb4 {[%clk 0:31:01]} Qf1+
{[%clk 0:34:05]} 41. Kh2 {[%clk 0:31:26]} Be2 {[%clk 0:34:21]} 42. g4
{[%clk 0:25:57]} hxg4 {[%clk 0:34:03]} 43. fxg4 {[%clk 0:26:19]} Bxg4
{[%clk 0:33:50]} 44. Kg3 {[%clk 0:26:37]} Bh5 {[%clk 0:28:01]} 45. Qe5
{[%clk 0:25:09]} Qd3+ {[%clk 0:27:07]} 46. Be3 {[%clk 0:25:12]} Bg6
{[%clk 0:24:10]} 47. Qd4 {[%clk 0:22:36]} Qe2 {[%clk 0:22:23]} 48. Qd2
{[%clk 0:22:14]} Qh5 {[%clk 0:21:52]} 49. Bd4 {[%clk 0:22:27]} f6
{[%clk 0:20:33]} 50. Qf4 {[%clk 0:22:36]} Bf5 {[%clk 0:20:09]} 51. Qf3
{[%clk 0:21:28]} Qg6+ {[%clk 0:20:27]} 52. Kf4 {[%clk 0:21:27]} Be6
{[%clk 0:16:02]} 53. Ke3 {[%clk 0:21:28]} Qh6+ {[%clk 0:14:32]} 54. Qf4
{[%clk 0:21:50]} Qh5 {[%clk 0:14:49]} 55. Kd2 {[%clk 0:21:16]} Bf5
{[%clk 0:14:36]} 56. Qf1 {[%clk 0:20:12]} Bd7 {[%clk 0:14:13]} 57. Qf4
{[%clk 0:19:34]} Qg6 {[%clk 0:11:41]} 58. Qf3 {[%clk 0:19:49]} Qh6+
{[%clk 0:11:26]} 59. Be3 {[%clk 0:19:44]} Qxh4 {[%clk 0:11:50]} 60. Qxd5
{[%clk 0:20:11]} Qh2+ {[%clk 0:08:23]} 61. Kd3 {[%clk 0:17:37]} Be8
{[%clk 0:07:08]} 62. Kd4 {[%clk 0:15:00]} Qh3 {[%clk 0:06:57]} 63. c4
{[%clk 0:13:47]} bxc4 {[%clk 0:04:13]} 64. Qxc4 {[%clk 0:13:14]} Bg6
{[%clk 0:04:35]} 65. b5 {[%clk 0:11:31]} Qf5 {[%clk 0:04:49]} 66. Kc3
{[%clk 0:08:52]} Qe5+ {[%clk 0:04:46]} 67. Kd2 {[%clk 0:06:48]} Qb2+
{[%clk 0:04:39]} 68. Ke1 {[%clk 0:07:12]} Qb1+ {[%clk 0:04:58]} 69. Kd2
{[%clk 0:07:31]} Be4 {[%clk 0:04:11]} 70. b6 {[%clk 0:07:45]} f5 {[%clk 0:04:00]}
71. Ke2 {[%clk 0:05:30]} Qb2+ {[%clk 0:03:52]} 72. Ke1 {[%clk 0:05:50]} Kg6
{[%clk 0:03:15]} 73. Qd4 {[%clk 0:05:29]} Qb1+ {[%clk 0:02:04]} 74. Kf2
{[%clk 0:05:49]} Qc2+ {[%clk 0:02:13]} 75. Qd2 {[%clk 0:06:03]} Qc6
{[%clk 0:02:28]} 76. Qc1 {[%clk 0:05:11]} Qf6 {[%clk 0:02:28]} 77. Qc7
{[%clk 0:02:44]} Qb2+ {[%clk 0:02:51]} 78. Ke1 {[%clk 0:02:54]} Kh7
{[%clk 0:02:08]} 79. Qc4 {[%clk 0:02:35]} Qe5 {[%clk 0:02:01]} 80. Qc7
{[%clk 0:02:19]} Qa1+ {[%clk 0:01:51]} 81. Qc1 {[%clk 0:02:33]} Qf6
{[%clk 0:01:56]} 82. Qc7 {[%clk 0:02:42]} Qh4+ {[%clk 0:01:46]} 83. Kd2
{[%clk 0:02:56]} Qh3 {[%clk 0:02:10]} 84. Qc4 {[%clk 0:01:43]} Qh2+
{[%clk 0:01:26]} 85. Qe2 {[%clk 0:01:58]} Qh4 {[%clk 0:01:45]} 86. Qc4
{[%clk 0:00:47]} Qd8+ {[%clk 0:02:02]} 87. Ke1 {[%clk 0:01:02]} Qf6
{[%clk 0:01:57]} 88. Qc7 {[%clk 0:01:00]} Qb2 {[%clk 0:02:00]} 89. Qc4
{[%clk 0:01:08]} Kg6 {[%clk 0:01:47]} 90. Qc7 {[%clk 0:00:59]} Qg2
{[%clk 0:01:39]} 91. Bd4 {[%clk 0:00:39]} Kh7 {[%clk 0:01:56]} 92. Be3
{[%clk 0:00:34]} Bf3 {[%clk 0:00:47]} 93. Qc4 {[%clk 0:00:46]} Qg3+
{[%clk 0:00:51]} 94. Kd2 {[%clk 0:00:55]} Be4 {[%clk 0:01:10]} 95. Qe2
{[%clk 0:01:09]} Kg6 {[%clk 0:01:17]} 96. Qc4 {[%clk 0:01:20]} Qh2+
{[%clk 0:01:25]} 97. Ke1 {[%clk 0:01:23]} Qg3+ {[%clk 0:01:10]} 98. Kd2
{[%clk 0:01:50]} Kh7 {[%clk 0:01:20]} 99. Qe2 {[%clk 0:02:02]} Qh3
{[%clk 0:00:57]} 100. Qf2 {[%clk 0:01:41]} Qh5 {[%clk 0:00:46]} 101. Qg3
{[%clk 0:01:51]} Qh1 {[%clk 0:00:54]} 102. Qf2 {[%clk 0:01:01]} Qh3
{[%clk 0:00:45]} 103. Qf4 {[%clk 0:00:49]} Qg2+ {[%clk 0:01:08]} 104. Ke1
{[%clk 0:00:59]} Kg6 {[%clk 0:01:02]} 105. Qf2 {[%clk 0:01:00]} Qh1+
{[%clk 0:01:01]} 106. Kd2 {[%clk 0:01:22]} Bf3 {[%clk 0:00:50]} 107. Bd4
{[%clk 0:00:41]} f4 {[%clk 0:00:44]} 108. Kc3 {[%clk 0:00:33]} Kh7
{[%clk 0:00:47]} 109. Kb2 {[%clk 0:00:35]} Qg2 {[%clk 0:00:59]} 110. Qxg2
{[%clk 0:00:37]} Bxg2 {[%clk 0:01:28]} 111. Kc3 {[%clk 0:01:00]} g5
{[%clk 0:01:42]} 112. Bf6 {[%clk 0:00:38]} Kg6 {[%clk 0:01:58]} 113. Bd8
{[%clk 0:01:06]} Bb7 {[%clk 0:01:33]} 114. Kd4 {[%clk 0:00:54]} Kf5
{[%clk 0:01:44]} 0-1

[Event "Ekstraliga 2019"]
[Site "Katowice"]
[Date "2019.09.02"]
[Round "6.20"]
[White "Bartel, Mateusz"]
[Black "Moranda, Wojciech"]
[Result "1-0"]
[BlackElo "2597"]
[WhiteElo "2612"]
[WhiteTeam "VOTUM SA Polonia Wroclaw"]
[BlackTeam "Wieza Pegow"]
[LiveChessVersion "1.4.8"]

1. e4 {[%clk 1:30:56]} c5 {[%clk 1:30:43]} 2. Nf3 {[%clk 1:31:20]} d6
{[%clk 1:30:50]} 3. d4 {[%clk 1:31:43]} cxd4 {[%clk 1:31:01]} 4. Nxd4
{[%clk 1:32:08]} Nf6 {[%clk 1:31:04]} 5. Nc3 {[%clk 1:32:32]} a6 {[%clk 1:31:20]}
6. g3 {[%clk 1:32:58]} e5 {[%clk 1:30:49]} 7. Nf3 {[%clk 1:33:19]} Be7
{[%clk 1:28:52]} 8. Nh4 {[%clk 1:31:15]} O-O {[%clk 1:26:11]} 9. Bg2
{[%clk 1:31:39]} Bg4 {[%clk 1:21:50]} 10. Qd2 {[%clk 1:31:27]} g6
{[%clk 0:59:02]} 11. h3 {[%clk 1:30:51]} Bd7 {[%clk 0:57:06]} 12. O-O
{[%clk 1:21:12]} Bc6 {[%clk 0:47:11]} 13. a4 {[%clk 1:03:43]} Nbd7
{[%clk 0:32:43]} 14. Rd1 {[%clk 0:55:48]} b5 {[%clk 0:31:30]} 15. Qe1
{[%clk 0:55:10]} Qc7 {[%clk 0:28:35]} 16. Bh6 {[%clk 0:46:26]} Rfc8
{[%clk 0:24:53]} 17. Qe3 {[%clk 0:44:13]} Kh8 {[%clk 0:20:58]} 18. axb5
{[%clk 0:36:40]} axb5 {[%clk 0:21:16]} 19. Rxa8 {[%clk 0:37:07]} Rxa8
{[%clk 0:20:34]} 20. Bg5 {[%clk 0:37:33]} b4 {[%clk 0:17:27]} 21. Nb1
{[%clk 0:37:21]} Ba4 {[%clk 0:13:52]} 22. Rc1 {[%clk 0:37:34]} Bxc2
{[%clk 0:12:37]} 23. Nc3 {[%clk 0:31:12]} b3 {[%clk 0:11:17]} 24. Nf3
{[%clk 0:30:53]} Qc5 {[%clk 0:06:07]} 25. Ne1 {[%clk 0:30:14]} Rb8
{[%clk 0:04:27]} 26. Nxc2 {[%clk 0:27:22]} bxc2 {[%clk 0:04:48]} 27. Rxc2
{[%clk 0:27:48]} Qxe3 {[%clk 0:04:49]} 28. Bxe3 {[%clk 0:27:41]} Bd8
{[%clk 0:04:47]} 29. Bf1 {[%clk 0:25:29]} Bb6 {[%clk 0:04:25]} 30. Bxb6
{[%clk 0:25:51]} Rxb6 {[%clk 0:04:44]} 31. Bc4 {[%clk 0:24:55]} Kg7
{[%clk 0:04:36]} 32. f3 {[%clk 0:25:22]} Nc5 {[%clk 0:02:56]} 33. Kf2
{[%clk 0:24:08]} Kf8 {[%clk 0:01:14]} 34. h4 {[%clk 0:22:57]} Rb4
{[%clk 0:00:51]} 35. Na2 {[%clk 0:18:20]} Rb8 {[%clk 0:01:14]} 36. b4
{[%clk 0:17:56]} Ncd7 {[%clk 0:01:37]} 37. Bb3 {[%clk 0:18:05]} Ke7
{[%clk 0:00:51]} 38. Ke3 {[%clk 0:11:45]} Ra8 {[%clk 0:00:44]} 39. Kd3
{[%clk 0:11:01]} Ra3 {[%clk 0:00:43]} 40. Kc3 {[%clk 0:41:12]} Ra7
{[%clk 0:30:41]} 41. Kb2 {[%clk 0:41:00]} Rb7 {[%clk 0:21:19]} 42. g4
{[%clk 0:33:08]} Ne8 {[%clk 0:15:45]} 43. Bd5 {[%clk 0:32:10]} Rb8
{[%clk 0:12:20]} 44. g5 {[%clk 0:30:54]} Nb6 {[%clk 0:08:42]} 45. Bb3
{[%clk 0:30:25]} Rb7 {[%clk 0:08:48]} 46. Rf2 {[%clk 0:26:49]} Nc7
{[%clk 0:08:40]} 47. f4 {[%clk 0:27:15]} exf4 {[%clk 0:08:11]} 48. Rxf4
{[%clk 0:25:26]} Ne6 {[%clk 0:06:35]} 49. Rf1 {[%clk 0:25:20]} Ke8
{[%clk 0:05:57]} 50. Rd1 {[%clk 0:24:36]} Kd7 {[%clk 0:05:14]} 51. e5
{[%clk 0:10:30]} Nc8 {[%clk 0:05:12]} 52. Bc4 {[%clk 0:10:55]} Rb6
{[%clk 0:04:48]} 53. Ka3 {[%clk 0:11:12]} Ke8 {[%clk 0:04:20]} 54. Nc3
{[%clk 0:06:21]} dxe5 {[%clk 0:04:06]} 55. Nd5 {[%clk 0:06:50]} Rb7
{[%clk 0:02:57]} 56. Ba6 {[%clk 0:03:11]} Ra7 {[%clk 0:02:30]} 57. b5
{[%clk 0:03:39]} Nd4 {[%clk 0:01:11]} 58. Kb4 {[%clk 0:04:04]} Nd6
{[%clk 0:01:14]} 59. Kc5 {[%clk 0:02:38]} Ne4+ {[%clk 0:01:21]} 60. Kc4
{[%clk 0:02:49]} Kd7 {[%clk 0:01:04]} 61. Re1 {[%clk 0:02:12]} Nd6+
{[%clk 0:00:43]} 62. Kc5 {[%clk 0:02:26]} Nb3+ {[%clk 0:00:34]} 63. Kb4
{[%clk 0:02:03]} Ke6 {[%clk 0:00:46]} 64. Nf4+ {[%clk 0:01:45]} Kf5
{[%clk 0:00:53]} 65. Nd3 {[%clk 0:02:14]} e4 {[%clk 0:00:47]} 66. Rf1+
{[%clk 0:02:19]} Kg4 {[%clk 0:00:53]} 67. Ne5+ {[%clk 0:02:41]} Kxh4
{[%clk 0:01:02]} 68. Kxb3 {[%clk 0:03:06]} Kxg5 {[%clk 0:01:03]} 69. Nc4
{[%clk 0:03:34]} Nxb5 {[%clk 0:01:03]} 70. Bxb5 {[%clk 0:03:58]} f5
{[%clk 0:01:19]} 71. Kc3 {[%clk 0:03:55]} Ra2 {[%clk 0:01:03]} 72. Kd4
{[%clk 0:03:56]} Kf6 {[%clk 0:01:12]} 73. Bc6 {[%clk 0:03:43]} Rh2
{[%clk 0:01:20]} 74. Ra1 {[%clk 0:03:35]} Rh3 {[%clk 0:01:20]} 75. Ne3
{[%clk 0:03:55]} h5 {[%clk 0:01:27]} 76. Nd5+ {[%clk 0:03:50]} Kg7
{[%clk 0:01:38]} 77. Rg1 {[%clk 0:01:41]} Rh4 {[%clk 0:00:49]} 78. Ne3
{[%clk 0:00:53]} Kf7 {[%clk 0:00:59]} 79. Ke5 {[%clk 0:01:16]} Rh3
{[%clk 0:00:54]} 80. Bd5+ {[%clk 0:01:19]} Ke7 {[%clk 0:01:14]} 81. Kd4
{[%clk 0:00:39]} Kf6 {[%clk 0:01:27]} 82. Bc6 {[%clk 0:01:07]} h4
{[%clk 0:01:20]} 83. Nd5+ {[%clk 0:01:13]} Kf7 {[%clk 0:01:00]} 84. Ke5
{[%clk 0:01:42]} Rh2 {[%clk 0:00:33]} 85. Nf4 {[%clk 0:01:59]} e3
{[%clk 0:00:54]} 86. Bd5+ {[%clk 0:02:23]} Ke8 {[%clk 0:01:07]} 87. Rxg6
{[%clk 0:02:33]} e2 {[%clk 0:01:22]} 88. Kd6 1-0

[Event "Ekstraliga 2019"]
[Site "Katowice"]
[Date "2019.09.02"]
[Round "6.25"]
[White "Tomczak, Jacek"]
[Black "Matuszewski, Michal"]
[Result "1-0"]
[BlackElo "2518"]
[WhiteElo "2628"]
[WhiteTeam "Akademia Szachowa Gliwice"]
[BlackTeam "KSz Dwie Wieze Krakow"]
[LiveChessVersion "1.4.8"]

1. e4 {[%clk 1:30:57]} c5 {[%clk 1:30:55]} 2. Nf3 {[%clk 1:31:17]} a6
{[%clk 1:31:21]} 3. c3 {[%clk 1:31:36]} g6 {[%clk 1:31:43]} 4. d4
{[%clk 1:31:30]} cxd4 {[%clk 1:32:10]} 5. Qxd4 {[%clk 1:13:55]} Nf6
{[%clk 1:32:05]} 6. e5 {[%clk 1:14:18]} Nc6 {[%clk 1:32:27]} 7. Qa4
{[%clk 1:14:03]} Nd5 {[%clk 1:30:25]} 8. Qe4 {[%clk 1:09:40]} Nc7
{[%clk 1:28:39]} 9. Bf4 {[%clk 0:56:28]} Bg7 {[%clk 1:22:34]} 10. Na3
{[%clk 0:46:58]} O-O {[%clk 1:16:09]} 11. O-O-O {[%clk 0:45:48]} Ne6
{[%clk 1:08:16]} 12. Be3 {[%clk 0:40:40]} b5 {[%clk 0:55:10]} 13. h4
{[%clk 0:40:54]} h5 {[%clk 0:54:22]} 14. Nc2 {[%clk 0:24:56]phone} 1-0

[Event "Ekstraliga 2019"]
[Site "Katowice"]
[Date "2019.09.03"]
[Round "7.1"]
[White "Matuszewski, Michal"]
[Black "Mista, Aleksander"]
[Result "1/2-1/2"]
[BlackElo "2599"]
[WhiteElo "2518"]
[WhiteTeam "KSz Dwie Wieze Krakow"]
[BlackTeam "Wieza Pegow"]
[LiveChessVersion "1.4.8"]

1. d4 {[%clk 1:30:55]} d5 {[%clk 1:30:53]} 2. Bf4 {[%clk 1:30:19]} Nf6
{[%clk 1:31:15]} 3. Nd2 {[%clk 1:18:59]} e6 {[%clk 1:31:39]} 4. e3
{[%clk 1:19:00]} Bd6 {[%clk 1:32:04]} 5. Bxd6 {[%clk 1:18:27]} Qxd6
{[%clk 1:32:17]} 6. f4 {[%clk 1:18:22]} c5 {[%clk 1:32:09]} 7. c3
{[%clk 1:18:46]} cxd4 {[%clk 1:32:01]} 8. cxd4 {[%clk 1:19:09]} O-O
{[%clk 1:32:12]} 9. Bd3 {[%clk 1:19:17]} b6 {[%clk 1:32:18]} 10. Qe2
{[%clk 1:16:44]} Bb7 {[%clk 1:29:15]} 11. Ngf3 {[%clk 1:14:21]} Ne4
{[%clk 1:26:51]} 12. O-O {[%clk 1:13:11]} Nd7 {[%clk 1:26:33]} 13. Rfc1
{[%clk 1:10:07]} Rac8 {[%clk 1:23:48]} 14. a3 {[%clk 1:02:45]} Ndf6
{[%clk 1:14:51]} 15. Ne5 {[%clk 0:56:45]} Qe7 {[%clk 1:12:01]} 16. Qd1
{[%clk 0:54:13]} a6 {[%clk 1:00:21]} 17. Rxc8 {[%clk 0:48:30]} Rxc8
{[%clk 1:00:45]} 18. Rc1 {[%clk 0:48:56]} Rc7 {[%clk 0:59:33]} 19. Rc2
{[%clk 0:46:42]} Nd6 {[%clk 0:52:14]} 20. Qc1 {[%clk 0:45:31]} Rxc2
{[%clk 0:52:38]} 21. Qxc2 {[%clk 0:45:58]} g6 {[%clk 0:49:25]} 22. Qb3
{[%clk 0:37:56]} Qc7 {[%clk 0:49:16]} 23. Qc2 {[%clk 0:37:48]} Qxc2
{[%clk 0:49:31]} 24. Bxc2 {[%clk 0:38:15]} Kf8 {[%clk 0:47:37]} 25. g4
{[%clk 0:36:35]} Ke7 {[%clk 0:47:51]} 26. Kf2 {[%clk 0:31:59]} Nfe8
{[%clk 0:42:21]} 1/2-1/2

[Event "Ekstraliga 2019"]
[Site "Katowice"]
[Date "2019.09.03"]
[Round "7.2"]
[White "Moranda, Wojciech"]
[Black "Leniart, Arkadiusz"]
[Result "1-0"]
[BlackElo "2488"]
[WhiteElo "2597"]
[WhiteTeam "Wieza Pegow"]
[BlackTeam "KSz Dwie Wieze Krakow"]
[LiveChessVersion "1.4.8"]

1. Nf3 {[%clk 1:30:53]} Nf6 {[%clk 1:30:50]} 2. c4 {[%clk 1:31:11]} e6
{[%clk 1:30:56]} 3. g3 {[%clk 1:31:17]} d5 {[%clk 1:31:10]} 4. Bg2
{[%clk 1:31:28]} d4 {[%clk 1:29:21]} 5. O-O {[%clk 1:31:26]} c5 {[%clk 1:29:35]}
6. e3 {[%clk 1:31:20]} Nc6 {[%clk 1:29:54]} 7. exd4 {[%clk 1:31:38]} cxd4
{[%clk 1:30:19]} 8. d3 {[%clk 1:31:56]} Be7 {[%clk 1:30:10]} 9. Na3
{[%clk 1:30:48]} O-O 10. Nc2 {[%clk 1:30:42]} Ne8 {[%clk 1:30:05]} 11. a3
{[%clk 1:20:24]} a5 {[%clk 1:30:19]} 12. Bd2 {[%clk 1:19:07]} a4 {[%clk 1:25:07]}
13. Bb4 {[%clk 1:17:18]} e5 {[%clk 1:20:53]} 14. Bxe7 {[%clk 1:09:19]} Qxe7
{[%clk 1:21:19]} 15. Re1 {[%clk 1:09:12]} Qd6 {[%clk 1:10:05]} 16. Nb4
{[%clk 1:00:27]} f6 {[%clk 0:44:00]} 17. Nd5 {[%clk 0:58:32]} Ra6
{[%clk 0:36:33]} 18. Nd2 {[%clk 0:54:46]} Bf5 {[%clk 0:29:56]} 19. Qc2
{[%clk 0:39:34]} b6 {[%clk 0:18:00]} 20. Nxb6 {[%clk 0:33:21]} Nc7
{[%clk 0:11:53]} 21. Nxa4 {[%clk 0:26:32]} Rfa8 {[%clk 0:08:00]} 22. b3
{[%clk 0:25:04]} Kh8 {[%clk 0:07:51]} 23. Ne4 {[%clk 0:24:21]} Bxe4
{[%clk 0:06:37]} 24. Bxe4 {[%clk 0:24:34]} g6 {[%clk 0:06:33]} 25. c5
{[%clk 0:22:47]} Qe6 {[%clk 0:06:58]} 26. Nb6 {[%clk 0:22:21]} R8a7
{[%clk 0:05:31]} 27. Qb2 {[%clk 0:19:17]} Ne7 {[%clk 0:04:52]} 28. b4
{[%clk 0:16:44]} Nb5 {[%clk 0:04:35]} 29. a4 {[%clk 0:16:43]} Nc3
{[%clk 0:04:57]} 30. a5 {[%clk 0:16:56]} Kg7 {[%clk 0:03:53]} 31. Rac1
{[%clk 0:15:28]} h5 {[%clk 0:03:49]} 32. Rxc3 {[%clk 0:14:21]} dxc3
{[%clk 0:04:12]} 33. Qxc3 {[%clk 0:14:46]} h4 {[%clk 0:04:15]} 34. c6
{[%clk 0:13:22]} Kh6 {[%clk 0:03:45]} 35. c7 {[%clk 0:11:31]} f5 {[%clk 0:02:49]}
36. Bf3 {[%clk 0:11:00]} hxg3 {[%clk 0:03:00]} 37. hxg3 {[%clk 0:11:24]} 1-0

[Event "Ekstraliga 2019"]
[Site "Katowice"]
[Date "2019.09.03"]
[Round "7.3"]
[White "Druska, Juraj"]
[Black "Dziuba, Marcin"]
[Result "1/2-1/2"]
[BlackElo "2568"]
[WhiteElo "2460"]
[WhiteTeam "KSz Dwie Wieze Krakow"]
[BlackTeam "Wieza Pegow"]
[LiveChessVersion "1.4.8"]

1. e4 {[%clk 1:30:48]} c5 {[%clk 1:30:53]} 2. Nf3 {[%clk 1:31:06]} Nc6
{[%clk 1:31:19]} 3. d4 {[%clk 1:31:24]} cxd4 {[%clk 1:31:44]} 4. Nxd4
{[%clk 1:31:51]} Nf6 {[%clk 1:32:09]} 5. Nc3 {[%clk 1:32:18]} e5 {[%clk 1:32:34]}
6. Ndb5 {[%clk 1:32:44]} d6 {[%clk 1:33:01]} 7. Bg5 {[%clk 1:33:00]} a6
{[%clk 1:32:51]} 8. Na3 {[%clk 1:33:24]} b5 {[%clk 1:33:01]} 9. Bxf6
{[%clk 1:32:35]} gxf6 {[%clk 1:32:52]} 10. Nd5 {[%clk 1:33:00]} f5
{[%clk 1:32:03]} 11. Bd3 {[%clk 1:33:18]} Be6 {[%clk 1:29:42]} 12. O-O
{[%clk 1:32:43]} Bxd5 {[%clk 1:26:29]} 13. exd5 {[%clk 1:33:07]} Ne7
{[%clk 1:26:54]} 14. Qh5 {[%clk 1:30:42]} e4 {[%clk 1:23:00]} 15. Be2
{[%clk 1:31:09]} Bg7 {[%clk 1:19:59]} 16. c3 {[%clk 1:29:56]} O-O
{[%clk 1:11:48]} 17. Nc2 {[%clk 1:30:20]} f4 {[%clk 0:56:33]} 18. Qg5
{[%clk 1:03:24]} f5 {[%clk 0:37:42]} 19. Nd4 {[%clk 0:54:13]} Nxd5
{[%clk 0:25:30]} 20. Qxd8 {[%clk 0:54:01]} Rfxd8 {[%clk 0:25:49]} 21. Nxf5
{[%clk 0:52:13]} Be5 {[%clk 0:23:23]} 22. a4 {[%clk 0:39:53]} Nc7
{[%clk 0:10:41]} 23. Rfd1 {[%clk 0:32:40]} Kf7 {[%clk 0:08:39]} 24. axb5
{[%clk 0:26:52]} axb5 {[%clk 0:09:04]} 25. Rxa8 {[%clk 0:24:00]} Nxa8
{[%clk 0:09:17]} 26. Nd4 {[%clk 0:23:21]} Nc7 {[%clk 0:06:57]} 27. Nc6
{[%clk 0:09:47]} Ra8 {[%clk 0:04:50]} 28. Nxe5+ {[%clk 0:10:09]} dxe5
{[%clk 0:05:19]} 29. Rd7+ {[%clk 0:10:31]} Kg6 {[%clk 0:03:28]} 30. h4
{[%clk 0:10:32]} Ne8 {[%clk 0:03:24]} 31. Re7 {[%clk 0:07:16]} Ra1+
{[%clk 0:02:41]} 32. Kh2 {[%clk 0:07:46]} Nf6 {[%clk 0:03:01]} 33. Rxe5
{[%clk 0:08:05]} h6 {[%clk 0:02:25]} 34. h5+ {[%clk 0:05:32]} Kg7
{[%clk 0:02:54]} 35. f3 {[%clk 0:05:55]} e3 {[%clk 0:00:52]} 36. Bxb5
{[%clk 0:06:24]} Rb1 {[%clk 0:00:37]} 37. Bc4 {[%clk 0:06:08]} Rxb2
{[%clk 0:00:48]} 38. Re7+ {[%clk 0:06:19]} Kh8 {[%clk 0:01:11]} 39. Re6
{[%clk 0:03:59]} Kg7 {[%clk 0:00:59]} 40. Re7+ {[%clk 0:34:28]} Kh8
{[%clk 0:31:23]} 41. Rf7 {[%clk 0:30:29]} Nxh5 {[%clk 0:26:29]} 42. Kh3
{[%clk 0:24:34]} Rc2 {[%clk 0:20:18]} 43. Rf5 {[%clk 0:16:27]} Rxc3
{[%clk 0:16:41]} 44. Bb5 {[%clk 0:16:33]} Ng7 {[%clk 0:12:22]} 45. Rxf4
{[%clk 0:13:18]} Ne6 {[%clk 0:12:17]} 46. Rf6 {[%clk 0:09:50]} Nd4
{[%clk 0:11:49]} 47. Rxh6+ {[%clk 0:09:58]} Kg7 {[%clk 0:12:14]} 48. Rh5
{[%clk 0:10:23]} e2 {[%clk 0:03:02]} 49. Bxe2 {[%clk 0:10:28]} Nxe2
{[%clk 0:03:16]} 50. Ra5 {[%clk 0:10:16]} Nf4+ 1/2-1/2